| 000 | 00497nam a2200169zi 4500 | ||
|---|---|---|---|
| 999 |
_c20406 _d48404 |
||
| 005 | 20180724062927.0 | ||
| 037 |
_aBC_669 18 _faut |
||
| 040 |
_aBC-ENSA _bfre |
||
| 041 | _afre | ||
| 100 |
_aSCIAMA, Yves _919159 |
||
| 245 |
_aLe changement climatique _bune nouvelle ère sur la terre |
||
| 260 |
_aParis _bLarousse _c2005 |
||
| 300 |
_a128 p. _bill. _c19 cm |
||
| 562 | _e01 exemplaire | ||
| 942 | _c09 | ||
| 653 | _aCLIMAT/CHANGEMENT CLIMATIQUE/EFFET DE SERRE/IMPACT SUR L'ENVIRONNEMENT | ||